French parties and politics, 1871-1921 : with a new supplementary chapter dealing with 1922-1930 /

Bibliographic Details
Main Author: Soltau, Roger Henry, 1887-1953
Format: Book
Language:English
Published: New York : Russell & Russell, 1965.
Subjects:

MARC

Tag First Indicator Second Indicator Subfields
LEADER 00000cam a2200000 4500
001 in00000058198
005 20151008051512.0
008 721127r19651930nyu b 00000 eng u
010 |a  65018832  
035 |a (OCoLC)00501640 
035 |9 AAG8309AM 
040 |c WSU  |d TXA  |d UtOrBLW 
049 |a TXAM  |c [467169] 
050 0 |a JN2997  |b .S6 1965 
092 |a 329.944  |b S691f 
100 1 |a Soltau, Roger Henry,  |d 1887-1953. 
245 1 0 |a French parties and politics, 1871-1921 :  |b with a new supplementary chapter dealing with 1922-1930 /  |c by Roger H. Soltau. 
264 1 |a New York :  |b Russell & Russell,  |c 1965. 
300 |a 88 pages, 3 unnumbered pages ;  |c 23 cm. 
336 |a text  |b txt  |2 rdacontent 
337 |a unmediated  |b n  |2 rdamedia 
338 |a volume  |b nc  |2 rdacarrier 
504 |a Bibliography: page [89]. 
650 0 |a Political parties  |z France. 
651 0 |a France  |x Politics and government  |y 1870-1940. 
999 |a MARS 
999 f f |s e505ecf8-ba37-35dc-a559-be88ed274d5a  |i 40cb8f2d-d995-3f85-be05-fd5c9d04de29  |t 0 
952 f f |p ric  |a Texas A&M University  |b Rellis Campus  |c Joint Library Facility  |d Remote Storage  |t 0  |e JN2997 .S6 1965  |h Library of Congress classification  |i unmediated -- volume  |m A14800684607 
998 f f |a JN2997 .S6 1965  |t 0  |l Remote Storage